ALCANTARILLADO Y TRATAMIENTO DE AGUAS NEGRAS (Registro nro. 19698)
[ vista simple ]
| 000 -LEADER | |
|---|---|
| fixed length control field | 00581nam a2200205 a 4500 |
| 001 - CONTROL NUMBER | |
| control field | 19698 |
| 005 - DATE AND TIME OF LATEST TRANSACTION | |
| control field | 20180713213152.0 |
| 008 - FIXED-LENGTH DATA ELEMENTS--GENERAL INFORMATION | |
| fixed length control field | 140415s1965 mx 000 0 spa d |
| 041 ## - LANGUAGE CODE | |
| Language code of text/sound track or separate title | spa |
| 082 ## - DEWEY DECIMAL CLASSIFICATION NUMBER | |
| Classification number | 628.3 |
| Item number | BAB |
| 100 1# - MAIN ENTRY--PERSONAL NAME | |
| Personal name | BANBITT, HAROLD E. |
| 245 10 - TITLE STATEMENT | |
| Title | ALCANTARILLADO Y TRATAMIENTO DE AGUAS NEGRAS |
| 250 ## - EDITION STATEMENT | |
| Edition statement | 1a ed. |
| 260 ## - PUBLICATION, DISTRIBUTION, ETC. | |
| Place of publication, distribution, etc. | MEXICO : |
| Name of publisher, distributor, etc. | CECSA, |
| Date of publication, distribution, etc. | 1965 |
| 300 ## - PHYSICAL DESCRIPTION | |
| Extent | 881 |
| 650 14 - SUBJECT ADDED ENTRY--TOPICAL TERM | |
| Topical term or geographic name entry element | AGUAS DE ALBAAL |
| General subdivision | ALCANTARILLADO |
| 700 1# - ADDED ENTRY--PERSONAL NAME | |
| Personal name | LOMA, JOSE LUIS DE LA |
| Relator term | tr. |
| 740 ## - ADDED ENTRY--UNCONTROLLED RELATED/ANALYTICAL TITLE | |
| Uncontrolled related/analytical title | SEWERAGE AND SEWAGE TREATMENT |
| 700 1# - ADDED ENTRY--PERSONAL NAME | |
| Personal name | BAUMANN, E. ROBERT |
| Relator term | coaut. |
| Withdrawn status | Lost status | Source of classification or shelving scheme | Damaged status | Not for loan | Collection code | Home library | Current library | Shelving location | Date acquired | Source of acquisition | Inventory number | Total Checkouts | Full call number | Barcode | Date last seen | Price effective from | Koha item type |
|---|---|---|---|---|---|---|---|---|---|---|---|---|---|---|---|---|---|
| Dewey Decimal Classification | General | Biblioteca Karol Wojtyla | Biblioteca Karol Wojtyla | Sala general | 03/12/2013 | Compra | 151000000000000000012232 | 628.3 BAB | 39257 | 05/01/2026 | 03/12/2013 | Libro |